Segundo y Tercer Informe de Nicaragua relativo al cumplimiento de Esquipulas II en el periodo del 1° al 31 de octubre de 1987
Guardado en:
| 主要作者: | |
|---|---|
| 企業作者: | |
| 格式: | Texto |
| 出版: |
Managua:
Dirección de Información y Prensa
|
| 標簽: |
添加標簽
沒有標簽, 成為第一個標記此記錄!
|
MARC
| LEADER | 00000 a a2200000 04500 | ||
|---|---|---|---|
| 001 | 21699 | ||
| 003 | |||
| 040 | |||
| 090 | |a 096900 | ||
| 100 | |a Ortega Saavedra, Daniel | ||
| 110 | |a Nicaragua. Presidencia de la República. Dirección de Información y Prensa | ||
| 245 | |a Segundo y Tercer Informe de Nicaragua relativo al cumplimiento de Esquipulas II en el periodo del 1° al 31 de octubre de 1987 | ||
| 260 | |a Managua: |b Dirección de Información y Prensa | ||
| 300 | |a 4 p. | ||
| 999 | |c 14910 |d 14910 | ||
